[Event "Qualifikationsturnier zu Staat"]
[Site "KOeflach"]
[Date "2006.09.02"]
[Round "1"]
[Board "1"]
[White "Lendwai, Reinhard"]
[Black "Nickl, Klaus"]
[Result "1-0"]
[WhiteElo "2428"]
[BlackElo "2181"]
[PlyCount "91"]
[EventDate "2006.09.02"]
[EventRounds "9"]
[EventCountry "AUT"]

1.e4 e5 2.Bc4 Nf6 3.d3 Nc6 4.Nf3 Be7 5.O-O O-O 6.Re1 d6 7.a4 Be6 8.Nbd2 Nd7 9.c3
Bf6 10.a5 a6 11.b4 Re8 12.Qb3 Nf8 13.Nf1 Bxc4 14.dxc4 Ne6 15.g3 Qc8 16.Qd1 g6
17.Ne3 h5 18.Nd5 Bg7 19.Qd3 Ne7 20.Ra2 Nxd5 21.cxd5 Nf8 22.c4 Nh7 23.Kg2 Bf6
24.c5 h4 25.Rc2 h3+ 26.Kh1 Qd7 27.c6 Qc8 28.cxb7 Qxb7 29.Bd2 g5 30.Ng1 g4 31.f3
Qc8 32.Qe2 Bg5 33.fxg4 Bxd2 34.Rxd2 Ng5 35.Rf1 Rf8 36.Rf5 f6 37.Nf3 Nf7 38.Qe3
Kg7 39.g5 Rh8 40.gxf6+ Kf8 41.Ng5 Qb7 42.Ne6+ Ke8 43.Qc3 Kd7 44.Rc2 Ra7 45.Rf1
Qb5 46.Qxc7+

[Event "Qualifikationsturnier zu Staat"]
[Site "KOeflach"]
[Date "2006.09.02"]
[Round "1"]
[Board "1"]
[White "Winiwarter, Felix"]
[Black "Baumegger, Siegfried"]
[Result "0-1"]
[WhiteElo "2175"]
[BlackElo "2411"]
[PlyCount "98"]
[EventDate "2006.09.02"]
[EventRounds "9"]
[EventCountry "AUT"]

1.e4 e5 2.Nc3 Nc6 3.Bc4 Nf6 4.d3 Bb4 5.Nge2 d5 6.exd5 Nxd5 7.O-O Bxc3 8.Nxc3
Nxc3 9.bxc3 O-O 10.Qh5 Qd6 11.f4 Be6 12.f5 Bxc4 13.f6 Nd8 14.dxc4 Qc5+ 15.Kh1
Ne6 16.Rf3 e4 17.Qxc5 Nxc5 18.Rg3 g6 19.Ba3 b6 20.Kg1 Rad8 21.Re3 Rfe8 22.Rae1
Rd6 23.Bxc5 bxc5 24.Rxe4 Rxe4 25.Rxe4 Rxf6 26.Re8+ Kg7 27.Rc8 Rc6 28.Ra8 Ra6
29.Rc8 Rc6 30.Ra8 a6 31.Kf2 Kf6 32.Kf3 Ke5 33.Re8+ Re6 34.Rf8 Rf6+ 35.Ke3 h5
36.Rc8 Kd6 37.Rd8+ Kc6 38.Rd5 Re6+ 39.Kf3 Re1 40.g4 hxg4+ 41.Kxg4 Re4+ 42.Kg5
Rxc4 43.Rd2 Rxc3 44.Rf2 Rh3 45.Kf6 Rh7 46.c4 Kb6 47.Ke5 Rh5+ 48.Kf6 Ka5 49.Kxf7
Rf5+

[Event "Qualifikationsturnier zu Staat"]
[Site "KOeflach"]
[Date "2006.09.02"]
[Round "1"]
[Board "1"]
[White "Hoelzl, Franz"]
[Black "Ferrari, Josef"]
[Result "1/2-1/2"]
[WhiteElo "2351"]
[BlackElo "2152"]
[PlyCount "118"]
[EventDate "2006.09.02"]
[EventRounds "9"]
[EventCountry "AUT"]

1.Nf3 d5 2.c4 e6 3.g3 c5 4.Bg2 Nf6 5.O-O Be7 6.cxd5 exd5 7.d4 O-O 8.Be3 cxd4
9.Nxd4 Nc6 10.Nc3 Bg4 11.Qa4 Qd7 12.Rfd1 Rfd8 13.Nxd5 Nxd5 14.Bxd5 Nxd4 15.Qxd4
Bf6 16.Qb4 Bxe2 17.Rd2 Ba6 18.Rad1 Qh3 19.Qb3 Qd7 20.Bxa7 Bb5 21.Bb6 Re8 22.Qf3
Qe7 23.Be3 Bg5 24.Re1 Qc7 25.Rdd1 Bf6 26.h4 Bc6 27.Bxc6 Qxc6 28.Qxc6 bxc6 29.Bc1
Reb8 30.Rd6 Bxb2 31.Rxc6 h6 32.Bf4 Rb5 33.Re7 Rxa2 34.Rc8+ Kh7 35.Be3 Rf5 36.g4
Rf6 37.Ree8 Re6 38.Rf8 Re7 39.Kg2 g6 40.Rc2 Bg7 41.Rxf7 Rxf7 42.Rxa2 Be5 43.Ra6
Bg7 44.Re6 Bf8 45.Re5 Be7 46.h5 g5 47.Kf1 Bf8 48.Re8 Bg7 49.Ke2 Rd7 50.Kf3 Rb7
51.Ra8 Re7 52.Ra7 Rxa7 53.Bxa7 Kg8 54.Ke4 Kf7 55.Bb6 Ke6 56.Bd4 Bf8 57.Be5 Kf7
58.Kf5 Bc5 59.f3 Be7

[Event "Qualifikationsturnier zu Staat"]
[Site "KOeflach"]
[Date "2006.09.02"]
[Round "1"]
[Board "1"]
[White "Frank, Paul"]
[Black "Fahrner, Kurt"]
[Result "1/2-1/2"]
[WhiteElo "2151"]
[BlackElo "2346"]
[PlyCount "80"]
[EventDate "2006.09.02"]
[EventRounds "9"]
[EventCountry "AUT"]

1.d4 d5 2.Nf3 Nf6 3.g3 c6 4.Bg2 Bf5 5.O-O Nbd7 6.c4 e6 7.Nc3 Be7 8.Nd2 O-O 9.e4
dxe4 10.Ndxe4 Nxe4 11.Nxe4 Nf6 12.Nc3 Qb6 13.d5 cxd5 14.cxd5 Rfd8 15.Qe2 Bg4
16.Qe5 Rac8 17.h3 Bf5 18.g4 Bd3 19.Rd1 Bc4 20.Be3 Qa5 21.Bd4 Bd6 22.Qe3 e5
23.Bxa7 Nd7 24.b3 Ba6 25.Ne4 Ba3 26.b4 Bxb4 27.a3 Bf8 28.d6 Bb5 29.Bc5 Nxc5
30.Nxc5 Ba6 31.Ne4 Bc4 32.Rac1 b5 33.Qg5 h6 34.Qxe5 Qxa3 35.g5 hxg5 36.Qxg5 Bxd6
37.Nf6+ Kf8 38.Nh7+ Kg8 39.Nf6+ Kf8 40.Nh7+ Kg8

[Event "Qualifikationsturnier zu Staat"]
[Site "KOeflach"]
[Date "2006.09.02"]
[Round "1"]
[Board "1"]
[White "Bawart, Markus"]
[Black "Meier, Alexander"]
[Result "1-0"]
[WhiteElo "2334"]
[BlackElo "2145"]
[PlyCount "43"]
[EventDate "2006.09.02"]
[EventRounds "9"]
[EventCountry "AUT"]

1.Nf3 Nf6 2.c4 g6 3.Nc3 Bg7 4.g3 O-O 5.Bg2 d6 6.O-O e5 7.d3 c6 8.Rb1 Nh5 9.e4
Qe8 10.b4 f5 11.c5 dxc5 12.bxc5 f4 13.Nd2 Qe7 14.Nc4 Be6 15.Nd6 b5 16.a4 a6
17.Ba3 Kh8 18.Nd5 cxd5 19.exd5 f3 20.Bxf3 Rxf3 21.Qxf3 e4 22.Qxe4

[Event "Qualifikationsturnier zu Staat"]
[Site "KOeflach"]
[Date "2006.09.02"]
[Round "1"]
[Board "1"]
[White "Wiedner, Robert"]
[Black "Genser, Harald"]
[Result "1/2-1/2"]
[WhiteElo "2143"]
[BlackElo "2332"]
[PlyCount "82"]
[EventDate "2006.09.02"]
[EventRounds "9"]
[EventCountry "AUT"]

1.Nf3 d5 2.d4 Nf6 3.e3 c5 4.dxc5 e6 5.Bd3 Nbd7 6.Nbd2 Nxc5 7.O-O Bd6 8.b4 Nxd3
9.cxd3 O-O 10.a3 a5 11.e4 Be7 12.bxa5 Qxa5 13.Qb3 Rd8 14.Bb2 Bd7 15.Bd4 Qa6
16.Rfb1 dxe4 17.Nxe4 Bc6 18.Bxf6 Bxf6 19.Nxf6+ gxf6 20.d4 Qa5 21.Qe3 Qf5 22.Ne1
Ra4 23.Rb4 Rda8 24.Rb3 Kh8 25.Rc1 Qg5 26.Ra1 Rg8 27.Rb4 Qd5 28.f3 Rga8 29.Nc2
Qg5 30.Qxg5 fxg5 31.Rxa4 Bxa4 32.Ne3 Bc6 33.Nc2 Rd8 34.a4 Kg7 35.Kf2 e5 36.Ke3
Kf6 37.g3 Re8 38.Kf2 h5 39.a5 exd4 40.Nxd4 Bd5 41.a6 bxa6

[Event "Qualifikationsturnier zu Staat"]
[Site "KOeflach"]
[Date "2006.09.02"]
[Round "1"]
[Board "1"]
[White "Neuschmied, Siegfried"]
[Black "Mittendorfer, Josef"]
[Result "1-0"]
[WhiteElo "2295"]
[BlackElo "2127"]
[PlyCount "61"]
[EventDate "2006.09.02"]
[EventRounds "9"]
[EventCountry "AUT"]

1.e4 e5 2.Nf3 Nf6 3.Nxe5 d6 4.Nf3 Nxe4 5.d4 d5 6.Bd3 Be7 7.O-O O-O 8.Re1 Bf5
9.c4 c6 10.a3 Nd7 11.Nc3 Nxc3 12.bxc3 Bxd3 13.Qxd3 Re8 14.cxd5 cxd5 15.Qb5 Nb6
16.a4 Bd6 17.Bg5 Qd7 18.Qxd7 Nxd7 19.Rab1 Rxe1+ 20.Nxe1 Nb6 21.a5 Nc4 22.Rb5 f6
23.Bc1 Bc7 24.a6 bxa6 25.Rxd5 Bd6 26.Kf1 g6 27.Nd3 Kf7 28.Nc5 Rb8 29.Ke2 Ke7
30.Kd3 Nb6 31.Rxd6

[Event "Qualifikationsturnier zu Staat"]
[Site "KOeflach"]
[Date "2006.09.02"]
[Round "1"]
[Board "1"]
[White "Hatzl, Johannes"]
[Black "Titz, Heimo"]
[Result "1/2-1/2"]
[WhiteElo "2113"]
[BlackElo "2286"]
[PlyCount "104"]
[EventDate "2006.09.02"]
[EventRounds "9"]
[EventCountry "AUT"]

1.e4 c5 2.c3 d5 3.exd5 Qxd5 4.d4 e6 5.Na3 a6 6.Nc4 Nd7 7.Nf3 Ngf6 8.Be2 Be7
9.O-O O-O 10.a4 cxd4 11.Nxd4 Qc5 12.Be3 Qc7 13.Bg5 Nb6 14.Nxb6 Qxb6 15.Qb3 Qc7
16.Qc4 Qxc4 17.Bxc4 Bd7 18.Rfe1 Rac8 19.Bb3 Rfd8 20.Rad1 Kf8 21.Nf3 Bc6 22.Ne5
Be8 23.Kf1 Rxd1 24.Rxd1 Ne4 25.Be3 Bc5 26.Bc2 Nf6 27.Bd4 Ke7 28.Ke2 g6 29.h3 Nd5
30.g3 f6 31.Bxc5+ Rxc5 32.Nd3 Rc7 33.Kd2 Nb6 34.b3 a5 35.c4 Nd7 36.Ke3 b6 37.f3
Nc5 38.Nf2 Bc6 39.h4 Rd7 40.Rxd7+ Kxd7 41.Nd3 Nxd3 42.Bxd3 Kd6 43.h5 Be8 44.Kd4
e5+ 45.Kc3 Kc5 46.h6 f5 47.f4 e4 48.Be2 Bd7 49.Bd1 Be6 50.Be2 Bd7 51.Bd1 Bc6
52.Be2 Bd7

[Event "Qualifikationsturnier zu Staat"]
[Site "KOeflach"]
[Date "2006.09.02"]
[Round "1"]
[Board "1"]
[White "Petschar, Kurt"]
[Black "FrOewis, Georg"]
[Result "1-0"]
[WhiteElo "2284"]
[BlackElo "2112"]
[PlyCount "112"]
[EventDate "2006.09.02"]
[EventRounds "9"]
[EventCountry "AUT"]

1.d4 d5 2.Nf3 c6 3.c4 e6 4.e3 Nf6 5.Nbd2 Nbd7 6.Bd3 Bd6 7.O-O O-O 8.e4 e5 9.cxd5
cxd5 10.exd5 exd4 11.Ne4 Nxe4 12.Bxe4 Nf6 13.Bg5 h6 14.Bxf6 Qxf6 15.Qxd4 Qxd4
16.Nxd4 Re8 17.Bf3 Bd7 18.Rfd1 Rac8 19.Rd3 g6 20.Rad1 a6 21.g3 Kf8 22.Kg2 Rc7
23.a3 Rec8 24.Ne6+ fxe6 25.dxe6 Ba4 26.b3 Bxb3 27.Rxb3 Ke7 28.Bxb7 Rb8 29.Rdb1
a5 30.a4 Rc4 31.Bd5 Rxb3 32.Rxb3 Rc5 33.Rb7+ Rc7 34.Rb5 Rc5 35.Rb7+ Rc7 36.Rb3
Rc5 37.Rd3 Be5 38.f4 Bd6 39.Kf3 Rc2 40.h4 Bb4 41.Bb3 Rc7 42.Kg4 Be1 43.h5 gxh5+
44.Kxh5 Bb4 45.Kxh6 Bd6 46.Kg5 Rc5+ 47.Kg4 Rc1 48.Rd5 Rc3 49.Rb5 Bb4 50.Rb7+ Kf6
51.Rf7+ Kg6 52.Bd5 Re3 53.f5+ Kh6 54.f6 Bd6 55.e7 Kg6 56.Rf8 Bxe7

[Event "Qualifikationsturnier zu Staat"]
[Site "KOeflach"]
[Date "2006.09.02"]
[Round "1"]
[Board "1"]
[White "Gneiss, Karl"]
[Black "Schachinger, Mario"]
[Result "1/2-1/2"]
[WhiteElo "2103"]
[BlackElo "2277"]
[PlyCount "105"]
[EventDate "2006.09.02"]
[EventRounds "9"]
[EventCountry "AUT"]

1.e4 e5 2.Nf3 Nc6 3.Bb5 a6 4.Bxc6 dxc6 5.Nc3 Qf6 6.d4 exd4 7.Qxd4 Bg4 8.Bg5 Qxd4
9.Nxd4 f6 10.Be3 O-O-O 11.f3 Bd7 12.O-O-O Bd6 13.g4 Ne7 14.Nce2 c5 15.Nf5 Nxf5
16.gxf5 g5 17.h4 h6 18.Bf2 Bc6 19.Nc3 Rde8 20.Nd5 Bxd5 21.Rxd5 Bf4+ 22.Kd1 b6
23.Ke2 Rhg8 24.hxg5 hxg5 25.Be3 Be5 26.c3 g4 27.Rg1 gxf3+ 28.Kxf3 Rh8 29.Rg4
Rh3+ 30.Kf2 Rh2+ 31.Kf3 Rxb2 32.Bf4 Bxf4 33.Kxf4 Re7 34.Rg8+ Kb7 35.Rf8 Re2
36.Rxf6 R2xe4+ 37.Kg5 Re2 38.Rg6 Rxa2 39.f6 Rg2+ 40.Kh6 Rh2+ 41.Rh5 Rxh5+
42.Kxh5 Rf7 43.Kg5 b5 44.Rg8 b4 45.cxb4 cxb4 46.Kg6 Rd7 47.f7 Rxf7 48.Kxf7 a5
49.Ke6 Kc6 50.Ra8 b3 51.Ke5 Kc5 52.Rxa5+ Kc4 53.Ra1

[Event "Qualifikationsturnier zu Staat"]
[Site "KOeflach"]
[Date "2006.09.02"]
[Round "1"]
[Board "1"]
[White "Krebs, Johann"]
[Black "Holzbauer, Johannes"]
[Result "1-0"]
[WhiteElo "2276"]
[BlackElo "2098"]
[PlyCount "117"]
[EventDate "2006.09.02"]
[EventRounds "9"]
[EventCountry "AUT"]

1.d4 d5 2.Nf3 Nf6 3.c4 c6 4.Nc3 a6 5.c5 Nbd7 6.Bf4 Nh5 7.Bd2 Nhf6 8.h3 Qc7 9.Bg5
e5 10.e3 e4 11.Bf4 Qd8 12.Ne5 Nxe5 13.Bxe5 Nd7 14.Bf4 Be7 15.Be2 O-O 16.O-O f5
17.f3 Bg5 18.Bxg5 Qxg5 19.f4 Qh6 20.Qe1 Nf6 21.Qg3 g6 22.b4 Bd7 23.a4 Rfb8
24.Rfb1 Qf8 25.Rb2 b6 26.cxb6 Rxb6 27.Rab1 Rab8 28.Na2 a5 29.Qe1 R8b7 30.Qc3 Qa8
31.bxa5 Rxb2 32.Rxb2 Rxb2 33.Qxb2 Qxa5 34.Qb4 Qa8 35.a5 Bc8 36.Qb6 Nd7 37.Qc7
Ba6 38.Bd1 Nb8 39.Ba4 Qb7 40.Qxb7 Bxb7 41.Nb4 Kf7 42.Kf2 Ke6 43.Ke1 h6 44.Kd2
Kd6 45.Kc3 Bc8 46.h4 Bb7 47.Bd1 h5 48.Be2 Kc7 49.Kb3 Bc8 50.Ka3 Kb7 51.Na2 Ka7
52.Nc3 Nd7 53.Kb4 Kb7 54.Na4 Kc7 55.a6 Nb6 56.a7 Na8 57.Ka5 Bd7 58.Ba6 Be8
59.Nc5

[Event "Qualifikationsturnier zu Staat"]
[Site "KOeflach"]
[Date "2006.09.02"]
[Round "1"]
[Board "1"]
[White "Zojer, Thomas"]
[Black "Bachler, Reinhard"]
[Result "0-1"]
[WhiteElo "2088"]
[BlackElo "2274"]
[PlyCount "76"]
[EventDate "2006.09.02"]
[EventRounds "9"]
[EventCountry "AUT"]

1.d4 f5 2.g3 Nf6 3.Bg2 c5 4.Nf3 cxd4 5.Nxd4 Nc6 6.O-O Nxd4 7.Qxd4 Qc7 8.Qc3 Qxc3
9.Nxc3 g6 10.Bf4 d6 11.Rad1 Bd7 12.Nd5 Nxd5 13.Bxd5 Rc8 14.c3 b5 15.Be3 e6
16.Bg2 Bc6 17.Bxa7 Bxg2 18.Kxg2 Ra8 19.Be3 Rxa2 20.Ra1 Rxb2 21.Ra7 b4 22.cxb4
Rxb4 23.Rc1 Rb8 24.Rcc7 h6 25.Rf7 g5 26.Bd2 Rg8 27.Ba5 Rg6 28.Rh7 e5 29.Bb4 Re6
30.Ba3 Rd8 31.Kf1 Re7 32.Raxe7+ Bxe7 33.Rxh6 Kd7 34.f3 Rb8 35.h4 gxh4 36.Kf2
hxg3+ 37.Kxg3 Rb3 38.Bc1 Rc3

[Event "Qualifikationsturnier zu Staat"]
[Site "KOeflach"]
[Date "2006.09.02"]
[Round "1"]
[Board "1"]
[White "Schnider, Gert"]
[Black "Wersching, Alfred"]
[Result "1/2-1/2"]
[WhiteElo "2270"]
[BlackElo "2080"]
[PlyCount "109"]
[EventDate "2006.09.02"]
[EventRounds "9"]
[EventCountry "AUT"]

1.e4 c5 2.Nf3 d6 3.d4 cxd4 4.Nxd4 Nf6 5.Nc3 g6 6.Be3 Bg7 7.f3 O-O 8.Qd2 Nc6 9.g4
Be6 10.Nxe6 fxe6 11.O-O-O Qa5 12.Bh6 Ne5 13.Be2 Rfc8 14.Bxg7 Kxg7 15.Qd4 Qc5
16.h4 Qxd4 17.Rxd4 Nc6 18.Rd2 e5 19.Bd1 Rf8 20.Rf1 h6 21.f4 exf4 22.Rxf4 Nd7
23.Nd5 Rxf4 24.Nxf4 Nc5 25.Re2 Rf8 26.Nd5 e6 27.b4 Nd4 28.Rd2 Nxe4 29.Rxd4 exd5
30.Rxd5 Nc3 31.Rxd6 Nxa2+ 32.Kd2 Nxb4 33.Kc3 Nc6 34.h5 gxh5 35.gxh5 Rf6 36.Rd7+
Rf7 37.Rd6 Ne5 38.Kd4 Re7 39.c3 a5 40.Rd5 Kf6 41.Kc5 Rc7+ 42.Kb6 Rxc3 43.Kxb7
Rd3 44.Rxd3 Nxd3 45.Kb6 Nb2 46.Bb3 a4 47.Bg8 a3 48.Kb5 Nd3 49.Ka4 Nf4 50.Kxa3
Nxh5 51.Bb3 Nf4 52.Bd1 Kg5 53.Kb3 Ng2 54.Kc3 Ne3 55.Kd2

[Event "Qualifikationsturnier zu Staat"]
[Site "KOeflach"]
[Date "2006.09.02"]
[Round "1"]
[Board "1"]
[White "Poetz, Florian"]
[Black "Srienz, Christian"]
[Result "1/2-1/2"]
[WhiteElo "2079"]
[BlackElo "2261"]
[PlyCount "92"]
[EventDate "2006.09.02"]
[EventRounds "9"]
[EventCountry "AUT"]

1.e4 c5 2.Nf3 Nc6 3.d4 cxd4 4.Nxd4 Nf6 5.Nc3 d6 6.Bg5 Bd7 7.Qd2 Rc8 8.Nb3 a6
9.O-O-O Na5 10.Kb1 Nxb3 11.cxb3 Bc6 12.f3 e6 13.g4 Be7 14.h4 h6 15.Bf4 d5 16.Qe3
Qa5 17.exd5 Nxd5 18.Nxd5 Bxd5 19.Bd3 Qc5 20.Qe2 Bc6 21.g5 hxg5 22.hxg5 Rxh1
23.Rxh1 Bxg5 24.b4 Qe7 25.Qd2 Bxf4 26.Qxf4 Qf6 27.Qd6 g6 28.Be4 Bxe4+ 29.fxe4
Rd8 30.Qc7 Qd4 31.Qxb7 Rd7 32.Qa8+ Ke7 33.a3 Rc7 34.Re1 Qd2 35.Rh1 Qe2 36.Ka1
Rc4 37.Qb7+ Kf6 38.e5+ Qxe5 39.Qxa6 Rc2 40.Rb1 g5 41.b5 Rc5 42.Qa7 Qc7 43.Qa4
Qf4 44.Qa6 Qc4 45.Qa8 Rc8 46.Qf3+ Kg7

[Event "Qualifikationsturnier zu Staat"]
[Site "KOeflach"]
[Date "2006.09.02"]
[Round "1"]
[Board "1"]
[White "Steiner, Bruno"]
[Black "Saxer, Bernhard"]
[Result "1-0"]
[WhiteElo "2253"]
[BlackElo "2057"]
[PlyCount "97"]
[EventDate "2006.09.02"]
[EventRounds "9"]
[EventCountry "AUT"]

1.c4 Nf6 2.g3 e6 3.Bg2 d5 4.Nf3 Be7 5.O-O O-O 6.b3 c5 7.e3 Nbd7 8.Bb2 Rb8 9.Nc3
a6 10.cxd5 exd5 11.d4 Re8 12.Ne5 Nb6 13.dxc5 Bxc5 14.Nd3 Bf8 15.Nf4 Be6 16.Qd4
Rc8 17.Na4 Nxa4 18.Qxa4 Bd7 19.Bxf6 gxf6 20.Qd4 Bc5 21.Qxd5 Bc6 22.Qxd8 Rexd8
23.Rfd1 Bxg2 24.Kxg2 Kg7 25.Kf3 f5 26.Rxd8 Rxd8 27.Ke2 Kf6 28.Rc1 Bb6 29.Rd1
Rxd1 30.Kxd1 Ke5 31.Ke2 Ke4 32.Nh5 Bd8 33.f3+ Ke5 34.Kd3 Be7 35.Nf4 Bd6 36.Kc4
Be7 37.Nd3+ Kd6 38.a4 Bg5 39.f4 Bd8 40.b4 Bb6 41.Nc5 Kc6 42.h4 Bxc5 43.bxc5 b6
44.cxb6 Kxb6 45.e4 Ka5 46.exf5 Kxa4 47.g4 Ka3 48.g5 a5 49.h5

[Event "Qualifikationsturnier zu Staat"]
[Site "KOeflach"]
[Date "2006.09.02"]
[Round "1"]
[Board "1"]
[White "Roth, Peter"]
[Black "Prager, Manfred"]
[Result "1/2-1/2"]
[WhiteElo "2249"]
[BlackElo "2035"]
[PlyCount "74"]
[EventDate "2006.09.02"]
[EventRounds "9"]
[EventCountry "AUT"]

1.e4 c6 2.d4 d5 3.e5 Bf5 4.Be3 e6 5.Nd2 Nd7 6.Ngf3 Ne7 7.Nh4 Bg6 8.Nxg6 hxg6
9.Bd3 Nf5 10.c3 Be7 11.Nf3 Qc7 12.Qe2 c5 13.g4 Nxe3 14.fxe3 c4 15.Bc2 O-O-O
16.O-O-O g5 17.e4 Nb6 18.Rdf1 Rdf8 19.Kb1 Kb8 20.Nd2 Rh3 21.Qg2 Rh6 22.Rf3 f6
23.Rhf1 Rfh8 24.exf6 gxf6 25.h3 e5 26.dxe5 fxe5 27.exd5 Nxd5 28.Qe2 Nf4 29.Qxc4
Rxh3 30.Rxh3 Rxh3 31.Qf7 Rh8 32.Nf3 Rf8 33.Qb3 Ng2 34.Nd2 Rf4 35.Qg8+ Qd8
36.Qxd8+ Bxd8 37.Rxf4 exf4

[Event "Qualifikationsturnier zu Staat"]
[Site "KOeflach"]
[Date "2006.09.02"]
[Round "1"]
[Board "1"]
[White "Brunner, Gerhard"]
[Black "Dietmayer Kraeutler, Marco"]
[Result "0-1"]
[WhiteElo "2027"]
[BlackElo "2246"]
[PlyCount "72"]
[EventDate "2006.09.02"]
[EventRounds "9"]
[EventCountry "AUT"]

1.e4 d5 2.exd5 Qxd5 3.Nc3 Qa5 4.d4 Nf6 5.Nf3 Bf5 6.Bc4 e6 7.Bd2 Bb4 8.a3 Bxc3
9.Bxc3 Qb6 10.Bd3 Ne4 11.Bxe4 Bxe4 12.O-O Nd7 13.Qe2 Qc6 14.Rad1 Bxf3 15.gxf3
Nf6 16.Bd2 O-O-O 17.Be3 Rd5 18.c4 Rf5 19.Kg2 g5 20.d5 exd5 21.Qd3 Rxf3 22.cxd5
Qd7 23.Rg1 Qh3+ 24.Kh1 Ng4 25.Rg2 Nxe3 26.fxe3 Rxe3 27.Qd4 Rhe8 28.Rdg1 Qf3
29.Qxa7 Qxd5 30.Qa8+ Kd7 31.Qa4+ Kd8 32.Qd1 Rd3 33.Qg4 f6 34.Qa4 h5 35.Qa8+ Kd7
36.Qa4+ b5

[Event "Qualifikationsturnier zu Staat"]
[Site "KOeflach"]
[Date "2006.09.02"]
[Round "1"]
[Board "1"]
[White "Lenz, Alarich"]
[Black "Halvax, Georg"]
[Result "1-0"]
[WhiteElo "2196"]
[BlackElo "1969"]
[PlyCount "37"]
[EventDate "2006.09.02"]
[EventRounds "9"]
[EventCountry "AUT"]

1.d4 d5 2.c4 e6 3.Nc3 Nf6 4.cxd5 exd5 5.Bg5 c6 6.e3 Bf5 7.Qf3 Qb6 8.Qxf5 Qxb2
9.Qc8+ Ke7 10.Nd1 Qxa1 11.Qxb7+ Ke6 12.g3 Kf5 13.h4 Qxa2 14.Bd3+ Ke6 15.Ne2 Bd6
16.Nf4+ Bxf4 17.exf4 Qa5+ 18.Kf1 Qb6 19.f5+

[Event "Qualifikationsturnier zu Staat"]
[Site "KOeflach"]
[Date "2006.09.03"]
[Round "2"]
[Board "1"]
[White "Baumegger, Siegfried"]
[Black "Steiner, Bruno"]
[Result "1/2-1/2"]
[WhiteElo "2411"]
[BlackElo "2253"]
[PlyCount "111"]
[EventDate "2006.09.02"]
[EventRounds "9"]
[EventCountry "AUT"]

1.e4 c5 2.Nc3 d6 3.Nge2 Nf6 4.g3 Nc6 5.Bg2 e6 6.d4 cxd4 7.Nxd4 Be7 8.O-O O-O
9.Be3 Bd7 10.Qe2 Nxd4 11.Bxd4 Bc6 12.Rfd1 a6 13.a4 Qa5 14.Qd2 Qh5 15.f3 Nd7
16.g4 Qg6 17.Ne2 Rad8 18.Nf4 Qh6 19.Be3 Bg5 20.Nd5 Bxe3+ 21.Qxe3 exd5 22.Qxh6
gxh6 23.exd5 Bxa4 24.Rxa4 Rc8 25.c3 Rc5 26.Re4 Nf6 27.Re7 Rb8 28.f4 Kf8 29.Rde1
Re8 30.Rxe8+ Nxe8 31.Rd1 Rc4 32.Rf1 Nf6 33.h3 Nd7 34.Kh2 Ra4 35.Kg3 Nc5 36.b4
Nd7 37.Rf3 b5 38.Kh4 Ra3 39.Kh5 Kg7 40.Re3 Nb6 41.h4 Nc4 42.Rg3 a5 43.bxa5 b4
44.g5 bxc3 45.gxh6+ Kf8 46.Be4 c2 47.Rg1 Ne3 48.Bxh7 Rxa5 49.Rg8+ Ke7 50.Bxc2
Nxd5 51.h7 Nf6+ 52.Kh6 Rh5+ 53.Kg7 Rxh4 54.Ra8 Rg4+ 55.Kh6 Rh4+ 56.Kg7

[Event "Qualifikationsturnier zu Staat"]
[Site "KOeflach"]
[Date "2006.09.03"]
[Round "2"]
[Board "1"]
[White "Bachler, Reinhard"]
[Black "Bawart, Markus"]
[Result "1/2-1/2"]
[WhiteElo "2274"]
[BlackElo "2334"]
[PlyCount "48"]
[EventDate "2006.09.02"]
[EventRounds "9"]
[EventCountry "AUT"]

1.f4 g6 2.Nf3 Bg7 3.d3 d6 4.e4 c5 5.g3 Nc6 6.Bg2 e6 7.O-O Nge7 8.c3 O-O 9.Be3
Rb8 10.d4 b6 11.Na3 Ba6 12.Rf2 d5 13.dxc5 dxe4 14.Rd2 Nd5 15.Ng5 Nxe3 16.Rxd8
Nxd1 17.Rxb8 Rxb8 18.Rxd1 e3 19.Bxc6 e2 20.Re1 bxc5 21.Bb5 Bxb5 22.Nxb5 Rxb5
23.Rxe2 Ra5 24.a3 h6

[Event "Qualifikationsturnier zu Staat"]
[Site "KOeflach"]
[Date "2006.09.03"]
[Round "2"]
[Board "1"]
[White "Dietmayer Kraeutler, Marco"]
[Black "Neuschmied, Siegfried"]
[Result "0-1"]
[WhiteElo "2246"]
[BlackElo "2295"]
[PlyCount "82"]
[EventDate "2006.09.02"]
[EventRounds "9"]
[EventCountry "AUT"]

1.d4 e6 2.Nf3 c5 3.c3 Nc6 4.e4 d5 5.e5 Qb6 6.Bd3 Bd7 7.Be2 cxd4 8.cxd4 Nh6 9.Bd3
Nxd4 10.Ng5 Nc6 11.Qe2 Nb4 12.Nc3 Nxd3+ 13.Qxd3 Qa6 14.Qxa6 bxa6 15.Nf3 Nf5
16.g4 Ne7 17.Nd4 Nc6 18.Nxc6 Bxc6 19.Ne2 Bc5 20.Bd2 Kd7 21.Rg1 Bb5 22.Nc3 Bd4
23.Bf4 Rac8 24.Rc1 g5 25.Bg3 Rc4 26.Kd2 Rhc8 27.Rge1 Bb6 28.Nxb5 axb5 29.Rxc4
Rxc4 30.Rh1 Rxg4 31.h4 Bd8 32.hxg5 Bxg5+ 33.Kd3 h6 34.b3 a5 35.Rh3 Re4 36.Rh5
Kc6 37.Rh3 a4 38.Bh2 Kc5 39.Rf3 Rd4+ 40.Ke2 Rd2+ 41.Ke1 a3

[Event "Qualifikationsturnier zu Staat"]
[Site "KOeflach"]
[Date "2006.09.03"]
[Round "2"]
[Board "1"]
[White "Fahrner, Kurt"]
[Black "Lenz, Alarich"]
[Result "1/2-1/2"]
[WhiteElo "2346"]
[BlackElo "2196"]
[PlyCount "63"]
[EventDate "2006.09.02"]
[EventRounds "9"]
[EventCountry "AUT"]

1.d4 Nf6 2.c4 e6 3.Nc3 Bb4 4.Qc2 O-O 5.a3 Bxc3+ 6.Qxc3 b6 7.Nf3 Bb7 8.e3 d6
9.Be2 Nbd7 10.O-O Ne4 11.Qc2 f5 12.b3 Rf6 13.Bb2 Rh6 14.d5 e5 15.Rfd1 Ndf6
16.Bd3 Nxf2 17.Qxf2 Ng4 18.Qg3 Nxe3 19.Nxe5 Nxd1 20.Rxd1 dxe5 21.Qxe5 Qf6
22.Qxf6 gxf6 23.Bxf5 Bc8 24.Be4 Bg4 25.Rd4 Re8 26.d6 cxd6 27.Bd5+ Be6 28.Bc1 Rg6
29.Bc6 Bd7 30.Bd5+ Kg7 31.Kf2 Rg4 32.Bf4

[Event "Qualifikationsturnier zu Staat"]
[Site "KOeflach"]
[Date "2006.09.03"]
[Round "2"]
[Board "1"]
[White "Kreindl, Helmut"]
[Black "Hoelzl, Franz"]
[Result "0-1"]
[WhiteElo "2200"]
[BlackElo "2351"]
[PlyCount "36"]
[EventDate "2006.09.02"]
[EventRounds "9"]
[EventCountry "AUT"]

1.d4 g6 2.Nf3 Bg7 3.e3 d6 4.Be2 Nf6 5.O-O O-O 6.b3 c5 7.Bb2 cxd4 8.exd4 Bg4 9.h3
Bxf3 10.Bxf3 d5 11.c4 Nc6 12.Re1 Rc8 13.Nd2 Re8 14.a3 e6 15.c5 Nd7 16.Nf1 Nxc5
17.Rc1 Nd7 18.Qd2 Qb6

[Event "Qualifikationsturnier zu Staat"]
[Site "KOeflach"]
[Date "2006.09.03"]
[Round "2"]
[Board "1"]
[White "Genser, Harald"]
[Black "Frank, Paul"]
[Result "1-0"]
[WhiteElo "2332"]
[BlackElo "2151"]
[PlyCount "71"]
[EventDate "2006.09.02"]
[EventRounds "9"]
[EventCountry "AUT"]

1.d4 Nf6 2.c4 g6 3.Nc3 d5 4.cxd5 Nxd5 5.e4 Nxc3 6.bxc3 Bg7 7.Be3 O-O 8.Qd2 c5
9.Rc1 cxd4 10.cxd4 Nc6 11.d5 Ne5 12.h3 e6 13.f4 exd5 14.fxe5 Qh4+ 15.Qf2 Qxe4
16.Qf4 Bxe5 17.Qxe4 dxe4 18.Bc4 Kg7 19.Ne2 f5 20.O-O Bd7 21.Rfd1 Ba4 22.Rd5 Rae8
23.Bxa7 Kh6 24.Be3+ Kh5 25.Bb5 Bxb5 26.Rxb5 Rf7 27.g3 h6 28.Rxe5 Rxe5 29.Nf4+
Kg5 30.Nd3+ Kf6 31.Nxe5 Kxe5 32.Bxh6 Kd4 33.Bf4 Kd3 34.Rc7 Rf6 35.Rxb7 Rc6
36.Rb2

[Event "Qualifikationsturnier zu Staat"]
[Site "KOeflach"]
[Date "2006.09.03"]
[Round "2"]
[Board "1"]
[White "Ganaus, Hannes"]
[Black "Wiedner, Robert"]
[Result "1/2-1/2"]
[WhiteElo "2318"]
[BlackElo "2143"]
[PlyCount "43"]
[EventDate "2006.09.02"]
[EventRounds "9"]
[EventCountry "AUT"]

1.Nf3 c5 2.c4 Nc6 3.g3 g6 4.Bg2 Bg7 5.Nc3 Nf6 6.O-O O-O 7.a3 d5 8.cxd5 Nxd5
9.Qc2 Be6 10.e3 Rc8 11.Ng5 Bf5 12.e4 Nxc3 13.dxc3 Bd7 14.Rd1 Qc7 15.Bf4 Ne5
16.Nf3 Bg4 17.Rd5 Bxf3 18.Bxe5 Bxe5 19.Bxf3 e6 20.Rd2 Rfd8 21.Rad1 Rxd2 22.Rxd2

[Event "Qualifikationsturnier zu Staat"]
[Site "KOeflach"]
[Date "2006.09.03"]
[Round "2"]
[Board "1"]
[White "Titz, Heimo"]
[Black "Gneiss, Karl"]
[Result "1/2-1/2"]
[WhiteElo "2286"]
[BlackElo "2103"]
[PlyCount "141"]
[EventDate "2006.09.02"]
[EventRounds "9"]
[EventCountry "AUT"]

1.c4 e5 2.Nc3 Nf6 3.Nf3 Nc6 4.e3 Be7 5.a3 d5 6.cxd5 Nxd5 7.Bb5 Nxc3 8.bxc3 Bg4
9.h3 Bd7 10.d4 exd4 11.cxd4 O-O 12.O-O Bf6 13.a4 Ne7 14.Ba3 Re8 15.Bd3 Bc6
16.Qb1 Ng6 17.Qd1 Qd7 18.Bb2 Rad8 19.Re1 a6 20.a5 Bxf3 21.Qxf3 c5 22.Red1 cxd4
23.Bxg6 hxg6 24.Bxd4 Qc6 25.Qxc6 bxc6 26.Bb6 Bxa1 27.Bxd8 Bc3 28.Bb6 Re5 29.Rd8+
Kh7 30.Ra8 Bxa5 31.Rxa6 Bxb6 32.Rxb6 Rc5 33.h4 Rc1+ 34.Kh2 Kh6 35.f4 Rc3 36.Rb8
Kh5 37.Kh3 Rxe3+ 38.g3 g5 39.hxg5 Kg6 40.Rc8 Rc3 41.Kg4 Rc4 42.Rd8 f5+ 43.gxf6
gxf6 44.Rd7 Rc5 45.Rc7 Rc4 46.Rc8 Rc5 47.Rd8 Rc4 48.Rd3 Rc5 49.Kf3 f5 50.Rd6+
Kf7 51.Ke3 Rc3+ 52.Kd4 Rxg3 53.Ke5 Rc3 54.Kxf5 Rc5+ 55.Kg4 Ke7 56.Rh6 Rc1 57.Kf5
c5 58.Re6+ Kd7 59.Kf6 Rh1 60.f5 c4 61.Re4 c3 62.Rd4+ Ke8 63.Rc4 Rh3 64.Re4+ Kd7
65.Kf7 Kd6 66.f6 Rf3 67.Kg7 Kd5 68.Re1 Kc4 69.f7 c2 70.f8=Q Rxf8 71.Kxf8